Loading...
Sahithya siddhantha charcha /
| Main Author: | |
|---|---|
| Format: | Printed Book |
| Language: | Malayalam |
| Published: |
1998.
|
| Subjects: |
| LEADER | 00536cam a2200181ua 4500 | ||
|---|---|---|---|
| 008 | 090323t1998||||||||||| 00 ||mal c | ||
| 041 | 0 | |a mal | |
| 082 | |a M801.95 |b PRA/S | ||
| 100 | 0 | |a Prabhakaran,, T.T | |
| 245 | 1 | 0 | |a Sahithya siddhantha charcha / |
| 260 | |c 1998. | ||
| 300 | |a 116p.. | ||
| 362 | 1 | |a 1998. | |
| 365 | |a Rs.32.00 | ||
| 650 | 0 | |a Malayalam Literature | |
| 942 | |c BK | ||
| 999 | |c 20306 |d 20306 | ||
| 952 | |0 0 |1 0 |4 0 |6 M_801_950000000000000_PRA |7 0 |9 21399 |a KUCL |b KUCL |d 2014-05-23 |l 1 |o M801.95 PRA/ |p G0790 |r 2016-06-22 |s 2016-05-11 |w 2014-05-23 |y BK | ||